000 00502nam a2200205Ia 4500
003 OSt
005 20140311163110.0
008 140130s9999 xx 000 0 und d
020 _a0590455834
050 _aPZ 8.3
_b.B22Te 1983
100 _aBang, Molly
_930799
245 _cBang, Molly.
_aTen, nine, eight /
260 _bScholastic,
_c1983.
_aNew York :
300 _bcol. ill. ;
_c17 cm.
440 _v1
_930800
521 _aG3
526 _c500
942 _cBK-SCHOLAS
_2lcc
999 _c40550
_d40550